[Event "Europa ch 2014"]
[Site "Yerevan ARM"]
[Date "2014.03.12"]
[Round "9.49"]
[White "Grigoryan, Avetik"]
[Black "Minasian, Artashes"]
[Result "1-0"]
[WhiteElo "2583"]
[BlackElo "2482"]
[PlyCount "131"]
[EventDate "2014.03.03"]
[EventType "swiss"]
[EventRounds "11"]
[EventCountry "ARM"]
[Source "lmi"]
[SourceDate "2014.03.02"]

1. d4 Nf6 2. c4 c5 3. d5 e6 4. Nc3 exd5 5. cxd5 d6 6. e4 g6 7. f4 Bg7 8. Bb5+
Nfd7 9. Bd3 O-O 10. Nf3 Nf6 11. O-O Bg4 12. h3 Bxf3 13. Qxf3 Nbd7 14. Be3 a6
15. Bf2 b5 16. Rae1 Re8 17. Kh1 Qa5 18. Bb1 Rab8 19. Re2 b4 20. Nd1 Nb6 21. Ne3
Qb5 22. Ree1 Nfd7 23. b3 a5 24. Rd1 a4 25. Bd3 Qa5 26. Bg3 Rf8 27. e5 dxe5 28.
f5 axb3 29. axb3 Qa2 30. Ng4 Qxb3 31. f6 Nxf6 32. Nxf6+ Bxf6 33. Qxf6 Nxd5 34.
Qxe5 Rbe8 35. Bc2 Qe3 36. Qxd5 Qxg3 37. Bb3 Rd8 38. Qxf7+ Rxf7 39. Rxd8+ Kg7
40. Bxf7 b3 41. Rd7 b2 42. Be6+ Kh6 43. Bg8 Kg5 44. Rd5+ Kh6 45. Rd7 Kg5 46.
Ba2 Kh6 47. Rd2 Qa3 48. Bb1 c4 49. Kh2 c3 50. Rdf2 Qd6+ 51. g3 Qe5 52. Bc2 Qe3
53. Bb1 Qe5 54. Bc2 Qe3 55. h4 Qe6 56. Bb1 Qg4 57. Rc2 Qd4 58. Re2 Qc4 59. Ref2
Qg4 60. Re1 Qd4 61. Kg2 Qd7 62. Bc2 Qc8 63. Re7 Qc6+ 64. Kh2 Qd5 65. Rff7 Kh5
66. Rd7 1-0

[Event "Europa ch 2014"]
[Site "Yerevan ARM"]
[Date "2014.03.12"]
[Round "9.52"]
[White "Huzman, Alexander"]
[Black "Goryachkina, Aleksandra"]
[Result "1-0"]
[WhiteElo "2569"]
[BlackElo "2424"]
[PlyCount "81"]
[EventDate "2014.03.03"]
[EventType "swiss"]
[EventRounds "11"]
[EventCountry "ARM"]
[Source "lmi"]
[SourceDate "2014.03.02"]

1. d4 d5 2. c4 c6 3. Nf3 Nf6 4. Nc3 dxc4 5. a4 Bf5 6. Ne5 Nbd7 7. Nxc4 Nb6 8.
Ne5 a5 9. g3 e6 10. Bg2 Bb4 11. O-O O-O 12. e3 h6 13. Qe2 Bh7 14. Rd1 Nfd7 15.
Nd3 Qe7 16. e4 e5 17. dxe5 Nc5 18. f4 Nb3 19. Be3 Nxa1 20. Bxb6 Nb3 21. Na2 c5
22. Bh3 Ra6 23. Ndxb4 axb4 24. Rd7 Qe8 25. a5 Kh8 26. Qe3 Nxa5 27. Bxc5 Nc6 28.
Nxb4 Nxb4 29. Bxb4 Rg8 30. Bc3 Ra4 31. Rd4 Ra1+ 32. Kf2 Qc6 33. f5 b5 34. Bf1
Rb8 35. Rb4 Bxf5 36. exf5 Qh1 37. Bg2 Qb1 38. g4 h5 39. Kg3 hxg4 40. e6 f6 41.
Bxf6 1-0

[Event "Europa ch 2014"]
[Site "Yerevan ARM"]
[Date "2014.03.12"]
[Round "9.54"]
[White "Palac, Mladen"]
[Black "Morchiashvili, Bachana"]
[Result "1-0"]
[WhiteElo "2561"]
[BlackElo "2335"]
[PlyCount "113"]
[EventDate "2014.03.03"]
[EventType "swiss"]
[EventRounds "11"]
[EventCountry "ARM"]
[Source "lmi"]
[SourceDate "2014.03.02"]

1. e4 c6 2. d4 d5 3. e5 Bf5 4. Nf3 e6 5. Be2 Ne7 6. Nbd2 Nd7 7. Nh4 c5 8. c3
cxd4 9. cxd4 Rc8 10. Nxf5 Nxf5 11. Qa4 Qb6 12. Bb5 Rc7 13. Nb3 a6 14. Bxd7+
Rxd7 15. Bd2 Qb5 16. Qxb5 axb5 17. a4 bxa4 18. Rxa4 Be7 19. Ra8+ Rd8 20. Ra7
Rb8 21. Ke2 Bd8 22. Rc1 Ne7 23. Ra4 Nc6 24. Rc3 O-O 25. Nc5 Be7 26. Be3 Bxc5
27. Rxc5 Ra8 28. Rxa8 Rxa8 29. Rb5 Ra7 30. Kd3 Kf8 31. Bd2 Ke8 32. Bb4 Nd8 33.
Bc5 Ra8 34. Bb6 Nc6 35. Bc5 Nd8 36. Kd2 h5 37. Bb6 Nc6 38. Bc5 Nd8 39. Rb3 g6
40. Ke3 Ra1 41. h4 Kd7 42. Kf4 Rf1 43. Rf3 Rb1 44. b3 Ra1 45. Kg5 Ra6 46. b4 b5
47. Kh6 Ke8 48. Kg7 Ra4 49. g3 Ra6 50. Rf4 Ra4 51. Bb6 Rxb4 52. Bxd8 Kxd8 53.
Kxf7 Rc4 54. Kxe6 b4 55. Kd6 Kc8 56. e6 b3 57. e7 1-0

[Event "Europa ch 2014"]
[Site "Yerevan ARM"]
[Date "2014.03.12"]
[Round "9.56"]
[White "Yilmaz, Mustafa"]
[Black "Torosyan, Norayr"]
[Result "1-0"]
[WhiteElo "2557"]
[BlackElo "2216"]
[PlyCount "83"]
[EventDate "2014.03.03"]
[EventType "swiss"]
[EventRounds "11"]
[EventCountry "ARM"]
[Source "lmi"]
[SourceDate "2014.03.02"]

1. c4 Nf6 2. Nf3 e6 3. g3 d5 4. Bg2 Be7 5. O-O O-O 6. d4 dxc4 7. Qa4 a6 8. Qxc4
b5 9. Qc2 Bb7 10. Bd2 Be4 11. Qc1 Bb7 12. Bf4 Nd5 13. Nc3 Nxf4 14. Qxf4 Bd6 15.
Qe3 Nd7 16. Rfd1 Qe7 17. a4 b4 18. Ne4 a5 19. Nfd2 Nb6 20. Nf6+ Qxf6 21. Bxb7
Rab8 22. Bg2 e5 23. Ne4 Qe7 24. Nxd6 cxd6 25. Rdc1 Rfc8 26. Rxc8+ Nxc8 27. Rc1
Nb6 28. Bc6 Qc7 29. Bb5 Qe7 30. dxe5 dxe5 31. Rc5 e4 32. Qf4 Rd8 33. Re5 Qb7
34. Qxe4 Qxe4 35. Rxe4 g6 36. Re7 Rd2 37. Rb7 Nd5 38. Rd7 Rd1+ 39. Kg2 Nc3 40.
Rxd1 Nxd1 41. Kf1 Nxb2 42. Ke1 1-0

[Event "Europa ch 2014"]
[Site "Yerevan ARM"]
[Date "2014.03.12"]
[Round "9.57"]
[White "Oganisian, Roman"]
[Black "Korobov, Anton"]
[Result "0-1"]
[WhiteElo "2243"]
[BlackElo "2719"]
[PlyCount "77"]
[EventDate "2014.03.03"]
[EventType "swiss"]
[EventRounds "11"]
[EventCountry "ARM"]
[Source "lmi"]
[SourceDate "2014.03.02"]

1. Nc3 c5 2. Nf3 Nc6 3. d4 cxd4 4. Nxd4 Nf6 5. Bg5 e6 6. Bxf6 Qxf6 7. e3 d5 8.
Bd3 Bd7 9. Nde2 g6 10. e4 dxe4 11. Nxe4 Qe7 12. Qd2 Bg7 13. Bb5 O-O 14. c3 a6
15. Ba4 Rfd8 16. O-O f5 17. N4g3 e5 18. Rfe1 Be6 19. Qc1 Na5 20. Bc2 Bf6 21.
Kh1 Rac8 22. Ng1 Nc4 23. Re2 b5 24. a4 b4 25. b3 Na3 26. cxb4 Nxc2 27. Rxc2
Qxb4 28. Rxc8 Rxc8 29. Qf1 Rc6 30. Rb1 Kg7 31. f3 a5 32. N1e2 h5 33. Nc1 h4 34.
Nge2 h3 35. gxh3 Qd2 36. Ng3 e4 37. fxe4 f4 38. Nge2 Qc2 39. Qxf4 0-1

[Event "Europa ch 2014"]
[Site "Yerevan ARM"]
[Date "2014.03.12"]
[Round "9.58"]
[White "Tomashevsky, Evgeny"]
[Black "Petrosyan, Tigran S"]
[Result "1-0"]
[WhiteElo "2711"]
[BlackElo "2425"]
[PlyCount "57"]
[EventDate "2014.03.03"]
[EventType "swiss"]
[EventRounds "11"]
[EventCountry "ARM"]
[Source "lmi"]
[SourceDate "2014.03.02"]

1. c4 c5 2. Nf3 Nf6 3. Nc3 Nc6 4. d4 cxd4 5. Nxd4 g6 6. e4 d6 7. Be2 Bg7 8. Be3
O-O 9. O-O Bd7 10. Qd2 Nxd4 11. Bxd4 Bc6 12. f3 a5 13. b3 Nd7 14. Bf2 Nc5 15.
Rab1 f5 16. exf5 Rxf5 17. Rfd1 Qb6 18. Nb5 Bxb5 19. cxb5 Kh8 20. Re1 Qc7 21.
Bf1 Rd8 22. b6 Qd7 23. g3 Ne6 24. f4 Rc8 25. Qe3 Nd8 26. Qxe7 Qxe7 27. Rxe7 Rf7
28. Rxf7 Nxf7 29. Bc4 1-0

[Event "Europa ch 2014"]
[Site "Yerevan ARM"]
[Date "2014.03.12"]
[Round "9.59"]
[White "Paravyan, David"]
[Black "Beliavsky, Alexander G"]
[Result "1/2-1/2"]
[WhiteElo "2423"]
[BlackElo "2643"]
[PlyCount "115"]
[EventDate "2014.03.03"]
[EventType "swiss"]
[EventRounds "11"]
[EventCountry "ARM"]
[Source "lmi"]
[SourceDate "2014.03.02"]

1. e4 e5 2. Nf3 Nc6 3. Bb5 a6 4. Ba4 Nf6 5. O-O Be7 6. Nc3 b5 7. Bb3 d6 8. a4
b4 9. Nd5 Na5 10. Ba2 Nxd5 11. Bxd5 c6 12. Ba2 O-O 13. d4 exd4 14. Nxd4 Bf6 15.
Bf4 Re8 16. Qd3 c5 17. Nf3 Bb7 18. Qxd6 Rxe4 19. Qxd8+ Bxd8 20. Be3 Bf6 21. Nd2
Rg4 22. f3 Bd4 23. Bxf7+ Kh8 24. Rae1 Bxe3+ 25. Rxe3 Rd4 26. Rfe1 g6 27. Nb3
Nxb3 28. cxb3 Bd5 29. Re7 Rd8 30. Bxd5 R4xd5 31. Rc7 R8d7 32. Rc8+ Rd8 33. Rc7
R8d7 34. Rc8+ Rd8 35. Re8+ Rxe8 36. Rxe8+ Kg7 37. Re7+ Kf6 38. Rxh7 Rd3 39. Kf2
Rd2+ 40. Kg3 Rxb2 41. Rc7 Rxb3 42. Rc6+ Ke5 43. Rxc5+ Kd4 44. Ra5 Ra3 45. Rxa6
b3 46. Rxg6 b2 47. Rb6 Kc3 48. Rxb2 Kxb2 49. Kf4 Rxa4+ 50. Ke5 Kc3 51. g4 Ra5+
52. Kf6 Kd4 53. g5 Ra6+ 54. Kf5 Ra3 55. g6 Rxf3+ 56. Ke6 Re3+ 57. Kf6 Rf3+ 58.
Ke6 1/2-1/2

[Event "Europa ch 2014"]
[Site "Yerevan ARM"]
[Date "2014.03.12"]
[Round "9.60"]
[White "Schlosser, Philipp"]
[Black "Dastan, Muhammed Batuhan"]
[Result "1/2-1/2"]
[WhiteElo "2612"]
[BlackElo "2416"]
[PlyCount "80"]
[EventDate "2014.03.03"]
[EventType "swiss"]
[EventRounds "11"]
[EventCountry "ARM"]
[Source "lmi"]
[SourceDate "2014.03.02"]

1. d4 d5 2. c4 c6 3. Nf3 Nf6 4. e3 Bf5 5. Nc3 a6 6. Qb3 Ra7 7. Bd2 e6 8. Nh4
Be4 9. f3 Bg6 10. O-O-O dxc4 11. Bxc4 b5 12. Be2 c5 13. Nxg6 hxg6 14. dxc5 Bxc5
15. g4 Rd7 16. Nxb5 axb5 17. Bxb5 O-O 18. Bxd7 Nbxd7 19. g5 Nd5 20. e4 Qa8 21.
exd5 Rb8 22. Qd3 Qxa2 23. Bc3 Ba3 24. Qb1 Qc4 25. Qc2 Nc5 26. Be5 Bxb2+ 27.
Bxb2 Qf4+ 28. Kb1 Na4 29. dxe6 Nxb2 30. exf7+ Qxf7 31. Qxb2 Qf5+ 32. Ka1 Rxb2
33. Kxb2 Qb5+ 34. Kc3 Qc5+ 35. Kd3 Qd5+ 36. Ke2 Qe5+ 37. Kd3 Qd5+ 38. Ke3 Qe5+
39. Kd3 Qd5+ 40. Ke3 Qe5+ 1/2-1/2

[Event "Europa ch 2014"]
[Site "Yerevan ARM"]
[Date "2014.03.12"]
[Round "9.61"]
[White "Kanter, Eduard"]
[Black "Volkov, Sergey"]
[Result "0-1"]
[WhiteElo "2410"]
[BlackElo "2610"]
[PlyCount "176"]
[EventDate "2014.03.03"]
[EventType "swiss"]
[EventRounds "11"]
[EventCountry "ARM"]
[Source "lmi"]
[SourceDate "2014.03.02"]

1. d4 d5 2. c4 c6 3. Nf3 Nf6 4. Nc3 a6 5. e3 b5 6. b3 Bf5 7. Bd3 Bg6 8. Ne5 e6
9. O-O Be7 10. a4 b4 11. Ne2 O-O 12. c5 Bxd3 13. Nxd3 a5 14. f3 Re8 15. Bb2
Nbd7 16. g4 Nf8 17. Ne5 Qc7 18. Qc2 N6d7 19. Nd3 Rad8 20. Nef4 Bg5 21. Rae1 f5
22. Qg2 fxg4 23. Qxg4 Bh6 24. Nh5 Kh8 25. Qg3 Qxg3+ 26. hxg3 g6 27. Nhf4 Bg7
28. e4 dxe4 29. Rxe4 Nf6 30. Re2 Nd5 31. Nxd5 Rxd5 32. Re4 g5 33. Rfe1 Red8 34.
Ne5 Bxe5 35. Rxe5 Kg7 36. g4 Kf7 37. R5e4 Re8 38. f4 gxf4 39. Rxf4+ Kg6 40.
Ref1 Nd7 41. Kg2 Re7 42. Kg3 h6 43. Re4 Nf6 44. Ref4 Nh7 45. Re1 Rd8 46. Ref1
Red7 47. Re1 Ng5 48. Ref1 Kh7 49. Re1 Rd5 50. Rf6 Rg8 51. Kh4 Rg6 52. Rf8 Rg8
53. Rf6 Kg7 54. Ref1 Rgd8 55. Bc1 R8d7 56. Bxg5 Rxg5 57. Rxe6 Rxd4 58. Re7+ Kg8
59. Re8+ Kh7 60. Re7+ Rg7 61. Rxg7+ Kxg7 62. Re1 Rd5 63. Re7+ Kf6 64. Rh7 Kg6
65. Re7 Rxc5 66. Re6+ Kg7 67. Re7+ Kf6 68. Rh7 Kg6 69. Ra7 h5 70. Ra6 hxg4 71.
Kxg4 Kf6 72. Kf4 Ke6 73. Ke4 Kd6 74. Kd4 Rg5 75. Kd3 Kc7 76. Ra7+ Kb6 77. Re7
Rc5 78. Re3 Rc3+ 79. Kd2 Rxe3 80. Kxe3 Kc5 81. Ke4 Kd6 82. Kd4 c5+ 83. Ke4 Ke6
84. Ke3 Ke5 85. Kd3 Kd5 86. Ke2 Ke4 87. Kd2 Kd4 88. Kc2 Ke4 0-1

[Event "Europa ch 2014"]
[Site "Yerevan ARM"]
[Date "2014.03.12"]
[Round "9.63"]
[White "Harutyunian, Tigran K"]
[Black "Kuljasevic, Davorin"]
[Result "1/2-1/2"]
[WhiteElo "2422"]
[BlackElo "2567"]
[PlyCount "138"]
[EventDate "2014.03.03"]
[EventType "swiss"]
[EventRounds "11"]
[EventCountry "ARM"]
[Source "lmi"]
[SourceDate "2014.03.02"]

1. Nf3 Nf6 2. c4 e6 3. Nc3 Bb4 4. Qc2 c5 5. a3 Ba5 6. g3 Nc6 7. Bg2 O-O 8. O-O
d6 9. Rd1 e5 10. d3 h6 11. h3 Nd4 12. Nxd4 cxd4 13. Na4 d5 14. b4 Bb6 15. Nxb6
axb6 16. e3 dxe3 17. Bxe3 Be6 18. Qb2 Re8 19. Qxe5 Bg4 20. Qxe8+ Qxe8 21. hxg4
Qe6 22. g5 hxg5 23. Bxg5 dxc4 24. dxc4 Qxc4 25. Rac1 Qg4 26. Bf4 Rxa3 27. Bxb7
Nh5 28. Be5 Nxg3 29. Bxg3 Rxg3+ 30. fxg3 Qxg3+ 31. Bg2 Qe3+ 32. Kh1 Qh6+ 33.
Kg1 Qe3+ 34. Kf1 Qf4+ 35. Ke2 Qe5+ 36. Kf2 Qb2+ 37. Kg1 Qxb4 38. Rd8+ Kh7 39.
Rd3 g6 40. Rd7 Kg7 41. Rf1 Qc4 42. Kh2 Qe6 43. Rd3 Qe5+ 44. Kh1 Qh5+ 45. Rh3
Qe5 46. Rd1 Qf5 47. Rdd3 Qe5 48. Rhe3 Qh5+ 49. Kg1 Qc5 50. Kh2 Qc7+ 51. Kg1
Qc1+ 52. Bf1 Qc5 53. Kg2 Qc6+ 54. Rf3 Qc2+ 55. Rf2 Qc6+ 56. Kg1 Qe4 57. Rdf3
Qg4+ 58. Kh2 Qh5+ 59. Bh3 Qe5+ 60. Kg1 Qd5 61. Rf4 Qg5+ 62. Bg2 Qe7 63. Kh1 Qe6
64. Bf1 Qd5+ 65. Bg2 Qe6 66. Re4 Qd6 67. Rff4 Qd1+ 68. Kh2 Qd6 69. Rd4 Qe5
1/2-1/2

[Event "Europa ch 2014"]
[Site "Yerevan ARM"]
[Date "2014.03.12"]
[Round "9.64"]
[White "Nakar, Eylon"]
[Black "Gabrielian, Artur"]
[Result "1/2-1/2"]
[WhiteElo "2409"]
[BlackElo "2560"]
[PlyCount "66"]
[EventDate "2014.03.03"]
[EventType "swiss"]
[EventRounds "11"]
[EventCountry "ARM"]
[Source "lmi"]
[SourceDate "2014.03.02"]

1. e4 c5 2. Nf3 d6 3. Bb5+ Nc6 4. O-O Bd7 5. Re1 Nf6 6. c3 a6 7. Bf1 Bg4 8. d4
Bxf3 9. gxf3 g6 10. d5 Nb8 11. f4 Bg7 12. a4 O-O 13. Na3 Nbd7 14. Qf3 Kh8 15.
Bd2 e6 16. Nc4 exd5 17. exd5 Nb6 18. Ne3 Re8 19. Bd3 a5 20. Re2 Rc8 21. b3 Rc7
22. Rae1 Rce7 23. Bb5 Ne4 24. Nf1 Nxd2 25. Nxd2 Rxe2 26. Rxe2 Rxe2 27. Bxe2 Qe7
28. Qe4 Qf8 29. Nc4 Nxc4 30. Qxc4 Qe7 31. Qd3 Bh6 32. Qf3 Kg7 33. Kg2 f5
1/2-1/2

[Event "Europa ch 2014"]
[Site "Yerevan ARM"]
[Date "2014.03.12"]
[Round "9.65"]
[White "Kovalev, Vladislav"]
[Black "Schachinger, Mario"]
[Result "1-0"]
[WhiteElo "2548"]
[BlackElo "2398"]
[PlyCount "57"]
[EventDate "2014.03.03"]
[EventType "swiss"]
[EventRounds "11"]
[EventCountry "ARM"]
[Source "lmi"]
[SourceDate "2014.03.02"]

1. e4 c6 2. d4 d5 3. Nc3 dxe4 4. Nxe4 Bf5 5. Ng3 Bg6 6. h4 h6 7. Nf3 Nd7 8. h5
Bh7 9. Bd3 Bxd3 10. Qxd3 e6 11. Bd2 Ngf6 12. O-O-O Be7 13. Ne4 O-O 14. Nxf6+
Nxf6 15. Ne5 c5 16. dxc5 Qc7 17. Qe2 Bxc5 18. g4 Bd6 19. Bc3 Nd5 20. Bd4 Rac8
21. Kb1 Nf4 22. Qe4 f6 23. Ng6 f5 24. gxf5 exf5 25. Qf3 Qxc2+ 26. Ka1 Rfd8 27.
Nxf4 Bxf4 28. Qxf4 Rc4 29. Rhg1 1-0

[Event "Europa ch 2014"]
[Site "Yerevan ARM"]
[Date "2014.03.12"]
[Round "9.66"]
[White "Dzagnidze, Nana"]
[Black "Hayrapetian, Arman"]
[Result "1-0"]
[WhiteElo "2546"]
[BlackElo "2367"]
[PlyCount "113"]
[EventDate "2014.03.03"]
[EventType "swiss"]
[EventRounds "11"]
[EventCountry "ARM"]
[Source "lmi"]
[SourceDate "2014.03.02"]

1. c4 Nf6 2. Nc3 g6 3. g3 Bg7 4. Bg2 O-O 5. Nf3 d6 6. O-O c6 7. d4 Qa5 8. Nd2
Qh5 9. e4 Qxd1 10. Rxd1 Nbd7 11. f4 e5 12. fxe5 dxe5 13. d5 Re8 14. Bf3 Bf8 15.
Kg2 Bb4 16. a3 Bxc3 17. bxc3 Nc5 18. a4 cxd5 19. cxd5 Bd7 20. a5 Rac8 21. c4 b5
22. axb6 axb6 23. Rb1 Ba4 24. Re1 b5 25. cxb5 Nd3 26. Rf1 Bc2 27. Ra1 Rc5 28.
Ra6 Kg7 29. Rc6 Rb8 30. Ba3 Rbxb5 31. Bxc5 Rxc5 32. Be2 Nd7 33. Bxd3 Bxd3 34.
Rf3 Bb5 35. Rxc5 Nxc5 36. Ra3 Nb7 37. Ra8 Kf6 38. Kf3 h5 39. Nb3 Nd6 40. Nc5
Ke7 41. Ra7+ Ke8 42. Ke3 Nc4+ 43. Kd3 Nd6+ 44. Kc3 Kf8 45. Kb4 Be8 46. Nd3 Nxe4
47. Nxe5 g5 48. Nc4 Nf6 49. d6 Nd7 50. Ne3 Ne5 51. Kc5 h4 52. gxh4 gxh4 53. Kd5
Nd7 54. Nf5 h3 55. Kd4 Nb6 56. Rb7 Nd7 57. Rb3 1-0

[Event "Europa ch 2014"]
[Site "Yerevan ARM"]
[Date "2014.03.12"]
[Round "9.67"]
[White "Ben Artzi, Ido"]
[Black "Aleksandrov, Aleksej"]
[Result "0-1"]
[WhiteElo "2370"]
[BlackElo "2544"]
[PlyCount "78"]
[EventDate "2014.03.03"]
[EventType "swiss"]
[EventRounds "11"]
[EventCountry "ARM"]
[Source "lmi"]
[SourceDate "2014.03.02"]

1. d4 Nf6 2. c4 e6 3. Nc3 d5 4. Nf3 Bb4 5. e3 O-O 6. Bd3 b6 7. O-O Bb7 8. cxd5
exd5 9. Ne2 Bd6 10. Ng3 Re8 11. Qe2 Nbd7 12. b3 a6 13. Bb2 g6 14. Rac1 Ng4 15.
Qc2 Rc8 16. Rfe1 f5 17. Nf1 Qf6 18. h3 Nh6 19. N3d2 Qg7 20. f3 Nf6 21. e4 fxe4
22. fxe4 dxe4 23. Nxe4 Nxe4 24. Bxe4 Bxe4 25. Rxe4 Rxe4 26. Qxe4 Qf7 27. d5 Nf5
28. Re1 Rf8 29. Qe6 Qxe6 30. Rxe6 Bc5+ 31. Kh2 Bd6+ 32. Kg1 Kf7 33. Nd2 Ne7 34.
Be5 Bc5+ 35. Kh2 Nxd5 36. Rc6 Re8 37. Nf3 Re7 38. Ng5+ Ke8 39. Re6 h6 0-1

[Event "Europa ch 2014"]
[Site "Yerevan ARM"]
[Date "2014.03.12"]
[Round "9.68"]
[White "Beradze, Irakli"]
[Black "Gabuzyan, Hovhannes"]
[Result "1/2-1/2"]
[WhiteElo "2364"]
[BlackElo "2537"]
[PlyCount "88"]
[EventDate "2014.03.03"]
[EventType "swiss"]
[EventRounds "11"]
[EventCountry "ARM"]
[Source "lmi"]
[SourceDate "2014.03.02"]

1. e4 c5 2. Nf3 d6 3. d4 cxd4 4. Qxd4 a6 5. c4 Nf6 6. h3 e6 7. Nc3 Be7 8. Be2
Qc7 9. O-O Nbd7 10. b3 b6 11. Bb2 Bb7 12. Qe3 O-O 13. Nd4 Rfe8 14. Rac1 Rac8
15. f4 Qb8 16. Bf3 Bf8 17. Kh1 e5 18. Nf5 b5 19. fxe5 Nxe5 20. Nd5 Bxd5 21.
cxd5 Rxc1 22. Rxc1 Qd8 23. Qc3 g6 24. Nd4 Nfd7 25. Nc6 Qh4 26. Bg4 Nf6 27. Nxe5
Rxe5 28. Qf3 Nxg4 29. Qxg4 Qxg4 30. hxg4 Rxe4 31. Bf6 Rxg4 32. Rc8 Re4 33. g3
g5 34. Kg2 g4 35. Ra8 h5 36. b4 Re2+ 37. Kf1 Re3 38. Kg2 Re4 39. a3 Re2+ 40.
Kf1 Re3 41. Kg2 Re4 42. Kg1 Re2 43. Kf1 Re4 44. Kg2 Re2+ 1/2-1/2

[Event "Europa ch 2014"]
[Site "Yerevan ARM"]
[Date "2014.03.12"]
[Round "9.69"]
[White "Can, Emre"]
[Black "Rozhko, Dmitry"]
[Result "1/2-1/2"]
[WhiteElo "2524"]
[BlackElo "2335"]
[PlyCount "118"]
[EventDate "2014.03.03"]
[EventType "swiss"]
[EventRounds "11"]
[EventCountry "ARM"]
[Source "lmi"]
[SourceDate "2014.03.02"]

1. c4 c6 2. d4 d5 3. Nc3 Nf6 4. e3 g6 5. Nf3 Bg7 6. Bd3 O-O 7. O-O Bg4 8. h3
Bxf3 9. Qxf3 e6 10. Rd1 Nbd7 11. b3 Re8 12. Bb2 Qe7 13. Bf1 Nb6 14. Qe2 Rad8
15. Rac1 h5 16. Rc2 Nc8 17. Qe1 Nd6 18. Ba3 Qc7 19. Na4 Nde4 20. Nb2 Bf8 21.
Bxf8 Rxf8 22. Nd3 Kg7 23. b4 Nd6 24. Nb2 Qe7 25. a4 g5 26. b5 Nf5 27. bxc6 bxc6
28. Nd3 g4 29. Qb4 gxh3 30. Qxe7 Nxe7 31. gxh3 Ne4 32. cxd5 exd5 33. Ne5 Rd6
34. f3 Ng3 35. Kf2 h4 36. Rb1 f6 37. Rb7 fxe5 38. Rxe7+ Kf6 39. Rxe5 Rb8 40.
Bd3 Rb3 41. Be2 c5 42. dxc5 Kxe5 43. cxd6 Kxd6 44. Bb5 Nf5 45. Rc6+ Ke7 46.
Rc7+ Kf6 47. Rc6+ Ke7 48. e4 dxe4 49. fxe4 Nd4 50. Rc7+ Kd6 51. Rxa7 Nxb5 52.
axb5 Rxh3 53. Rh7 Rb3 54. Rh6+ Ke5 55. Rxh4 Kd4 56. Ke2 Rxb5 57. Kf3 Rb1 58.
Kf4 Rf1+ 59. Kg5 Ke5 1/2-1/2

[Event "Europa ch 2014"]
[Site "Yerevan ARM"]
[Date "2014.03.12"]
[Round "9.70"]
[White "Nuber, Blasius"]
[Black "Stupak, Kirill"]
[Result "1/2-1/2"]
[WhiteElo "2359"]
[BlackElo "2498"]
[PlyCount "95"]
[EventDate "2014.03.03"]
[EventType "swiss"]
[EventRounds "11"]
[EventCountry "ARM"]
[Source "lmi"]
[SourceDate "2014.03.02"]

1. e4 c6 2. d4 d5 3. Nc3 a6 4. Nf3 Bg4 5. h3 Bh5 6. Bd3 e6 7. O-O Nf6 8. Bg5
Be7 9. e5 Nfd7 10. Bxe7 Qxe7 11. g4 Bg6 12. Ne2 c5 13. c3 Nc6 14. Nf4 O-O 15.
Qe2 Bxd3 16. Nxd3 c4 17. Nf4 f6 18. Ng2 Rf7 19. exf6 Qxf6 20. Nfe1 Qh6 21. Qe3
Qxe3 22. fxe3 Rxf1+ 23. Kxf1 Nf6 24. Nf3 Ne4 25. Nf4 Kf7 26. Ke2 Ke7 27. Nd2
Nd6 28. Rf1 b5 29. e4 dxe4 30. Nh5 b4 31. Nxg7 Na7 32. Nh5 Nab5 33. Rc1 bxc3
34. bxc3 Rb8 35. Ng3 Na3 36. Ngxe4 Nxe4 37. Nxe4 Rb2+ 38. Kf3 Rxa2 39. Nc5 Nb5
40. Re1 Ra3 41. Rxe6+ Kf7 42. Re3 a5 43. Nd7 Rxc3 44. Ne5+ Ke6 45. Nxc4+ Rxe3+
46. Kxe3 a4 47. d5+ Ke7 48. Kd3 1/2-1/2

[Event "Europa ch 2014"]
[Site "Yerevan ARM"]
[Date "2014.03.12"]
[Round "9.71"]
[White "Babujian, Levon"]
[Black "Aharon, Ofir"]
[Result "1-0"]
[WhiteElo "2491"]
[BlackElo "2316"]
[PlyCount "87"]
[EventDate "2014.03.03"]
[EventType "swiss"]
[EventRounds "11"]
[EventCountry "ARM"]
[Source "lmi"]
[SourceDate "2014.03.02"]

1. c4 g6 2. Nc3 c5 3. Nf3 Bg7 4. g3 Nc6 5. Bg2 e6 6. O-O Nge7 7. a3 O-O 8. b4
Nxb4 9. axb4 cxb4 10. d4 bxc3 11. Ba3 d5 12. Qd3 Re8 13. Qxc3 Nc6 14. e3 Na5
15. Nd2 b6 16. Rfc1 Bb7 17. c5 b5 18. Bb4 Nc6 19. Nb3 Qd7 20. f4 a6 21. Ra2 Kh8
22. Qd2 f6 23. Bc3 Rad8 24. Ba5 Rb8 25. Rd1 Qf7 26. Bf3 Re7 27. Qg2 Rd7 28. h4
e5 29. h5 e4 30. Be2 f5 31. Qh3 Bf6 32. hxg6 Qxg6 33. Bh5 Qg7 34. Qxf5 Qxg3+
35. Rg2 Qxe3+ 36. Kh2 Rf8 37. Qxd7 Qxb3 38. Rdg1 Ne7 39. Bd8 Qe3 40. Bxe7 Qxf4+
41. Kh1 Bc8 42. Rg8+ Rxg8 43. Rxg8+ Kxg8 44. Qe8+ 1-0

[Event "Europa ch 2014"]
[Site "Yerevan ARM"]
[Date "2014.03.12"]
[Round "9.72"]
[White "Petrosyan, Manuel"]
[Black "Jurcik, Marian"]
[Result "1/2-1/2"]
[WhiteElo "2336"]
[BlackElo "2481"]
[PlyCount "86"]
[EventDate "2014.03.03"]
[EventType "swiss"]
[EventRounds "11"]
[EventCountry "ARM"]
[Source "lmi"]
[SourceDate "2014.03.02"]

1. d4 Nf6 2. c4 b6 3. Nc3 Bb7 4. Qc2 d5 5. cxd5 Nxd5 6. e4 Nxc3 7. bxc3 g6 8.
h4 Bg7 9. h5 Nd7 10. h6 Bf8 11. Bg5 f6 12. Be3 e5 13. dxe5 Nxe5 14. Bb5+ c6 15.
Be2 Bd6 16. f4 Nf7 17. Nf3 Qe7 18. O-O-O O-O-O 19. Kb1 Rhe8 20. Bc4 c5 21. e5
Bc7 22. Rxd8+ Nxd8 23. f5 gxf5 24. Qxf5+ Kb8 25. Bd3 c4 26. Bxc4 Bxe5 27. Nxe5
fxe5 28. Rd1 Nc6 29. Qf7 Na5 30. Rd7 Be4+ 31. Ka1 Qxf7 32. Bxf7 Rf8 33. g4 Nc6
34. Be6 Re8 35. Bf5 Bxf5 36. gxf5 Re7 37. Rd6 Kc7 38. Rg6 Kd7 39. Rg7 Ke8 40.
f6 Rf7 41. Kb2 Nd8 42. Rg4 Nc6 43. Rg7 Nd8 1/2-1/2

[Event "Europa ch 2014"]
[Site "Yerevan ARM"]
[Date "2014.03.12"]
[Round "9.73"]
[White "Firat, Burak"]
[Black "Chudinovskikh, Alexander M"]
[Result "1/2-1/2"]
[WhiteElo "2480"]
[BlackElo "2280"]
[PlyCount "118"]
[EventDate "2014.03.03"]
[EventType "swiss"]
[EventRounds "11"]
[EventCountry "ARM"]
[Source "lmi"]
[SourceDate "2014.03.02"]

1. e4 e5 2. Nf3 Nc6 3. d4 exd4 4. Nxd4 Nf6 5. Nxc6 bxc6 6. e5 Qe7 7. Qe2 Nd5 8.
c4 Ba6 9. Nd2 g6 10. Nf3 Bg7 11. Bg5 f6 12. exf6 Qxe2+ 13. Bxe2 Nxf6 14. O-O-O
c5 15. Ne5 Bb7 16. Rhe1 O-O 17. f3 d6 18. Nd3 Rfe8 19. Bd2 Nd7 20. Bf1 Ne5 21.
Nf2 h6 22. f4 Nc6 23. Bd3 g5 24. Rxe8+ Rxe8 25. fxg5 hxg5 26. Be4 Bd4 27. Bd5+
Kg7 28. Ne4 Nd8 29. Bxb7 Nxb7 30. Nxg5 Re2 31. g4 Rxh2 32. Ne6+ Kg6 33. Nxc7
Rg2 34. g5 Nd8 35. Nb5 Nc6 36. Kb1 Ne5 37. Nxd4 cxd4 38. b3 Kf5 39. Bb4 Ke4 40.
Bxd6 Nf3 41. Bb4 Rxg5 42. Kb2 Rg2+ 43. Ka3 d3 44. c5 Nd4 45. Rd2 Re2 46. Ka4
Ke3 47. Rxe2+ Kxe2 48. Bc3 d2 49. Bxd2 Kxd2 50. Kb4 Kd3 51. a4 Ke4 52. Kc4 a5
53. b4 axb4 54. Kxb4 Kd5 55. a5 Kc6 56. a6 Ne6 57. a7 Kb7 58. c6+ Kxa7 59. c7
Nxc7 1/2-1/2

[Event "Europa ch 2014"]
[Site "Yerevan ARM"]
[Date "2014.03.12"]
[Round "9.74"]
[White "Hovhannisyan, Karen"]
[Black "Danielian, Elina"]
[Result "0-1"]
[WhiteElo "2188"]
[BlackElo "2467"]
[PlyCount "58"]
[EventDate "2014.03.03"]
[EventType "swiss"]
[EventRounds "11"]
[EventCountry "ARM"]
[Source "lmi"]
[SourceDate "2014.03.02"]

1. e4 c6 2. c4 e5 3. Nf3 d6 4. d4 Bg4 5. Be2 Nd7 6. Nc3 Ngf6 7. Be3 Be7 8. O-O
O-O 9. Nd2 Bxe2 10. Qxe2 exd4 11. Bxd4 Re8 12. Rad1 Qc7 13. f4 a6 14. a4 Qa5
15. Rf3 Bd8 16. Kh1 Bb6 17. Bxf6 Nxf6 18. Rg3 Rad8 19. Rg5 Qb4 20. Qd3 h6 21.
Rf5 Ng4 22. Rf1 Nf2+ 23. Rxf2 Bxf2 24. Qc2 Bd4 25. Rh5 Bxc3 26. bxc3 Qb6 27. c5
dxc5 28. h3 Qc7 29. e5 Qd7 0-1